[Event "Miedzywojewodzkie Mistrzostwa Juniorow O"]
[Site "Pokrzywna"]
[Date "2025.??.??"]
[Round "1.1"]
[White "Czeremcha, Piotr"]
[Black "Podolecki, Wojciech"]
[Result "1-0"]
[WhiteElo "1972"]
[BlackElo "1603"]
[PlyCount "57"]
[EventDate "2025.??.??"]

{[%evp 0,57,16,28,27,13,42,35,65,44,93,93,71,69,81,75,89,65,54,56,87,86,107,68,
131,107,94,104,108,83,109,95,110,102,179,181,362,214,197,204,214,204,209,198,
218,228,244,170,188,151,248,217,252,240,312,314,314,314,29999,-30000]} 1. d4
Nf6 2. Nf3 g6 3. c4 d5 4. cxd5 Nxd5 5. e4 Nb6 6. h3 Bg7 7. Nc3 O-O 8. Be2 Nc6
9. Be3 Na5 10. O-O Nac4 11. Bc1 Qd7 12. a4 a5 13. b3 Nd6 14. Be3 e6 15. Rc1 Rd8
16. Qd2 c6 17. d5 Qe7 18. e5 Nxd5 19. Nxd5 exd5 20. exd6 Qxd6 21. Bc5 Qc7 22.
Qe3 Qd7 23. Ne5 Qe6 24. Ng4 Qd7 25. Qf4 Re8 26. Bd3 Re6 27. Nh6+ Bxh6 28. Qxh6
f5 29. Qf8# 1-0

[Event "Miedzywojewodzkie Mistrzostwa Juniorow O"]
[Site "Pokrzywna"]
[Date "2025.??.??"]
[Round "1.2"]
[White "Swiderski, Lukasz"]
[Black "Plowy, Karol"]
[Result "0-1"]
[WhiteElo "1578"]
[BlackElo "1865"]
[PlyCount "66"]
[EventDate "2025.??.??"]

1. e4 c5 2. Nf3 d6 3. Bb5+ Bd7 4. Bxd7+ Nxd7 5. O-O Ngf6 6. Re1 e6 7. c3 Be7 8.
d4 cxd4 9. cxd4 d5 10. e5 Ne4 11. Nbd2 Nxd2 12. Bxd2 O-O 13. Rc1 b5 14. Re3 a5
15. Ne1 Bg5 16. Rh3 Bxd2 17. Qxd2 f6 18. Nf3 fxe5 19. dxe5 Qe7 20. Qd3 h6 21.
Rc7 Rac8 22. Rxc8 Rxc8 23. g3 Qf7 24. Ng5 hxg5 25. Qh7+ Kf8 26. Qh8+ Qg8 27.
Qh5 Nxe5 28. Kg2 Nf7 29. Qg6 Nh6 30. Qxg5 Qh7 31. Qf4+ Kg8 32. Qd6 Qe4+ 33. Kf1
Rc1# 0-1

[Event "Miedzywojewodzkie Mistrzostwa Juniorow O"]
[Site "Pokrzywna"]
[Date "2025.??.??"]
[Round "1.3"]
[White "Reterski, Wiktor"]
[Black "Wilman, Maciej"]
[Result "1-0"]
[WhiteElo "1775"]
[BlackElo "1560"]
[PlyCount "81"]
[EventDate "2025.??.??"]

{[%evp 0,81,19,14,29,24,65,53,51,37,41,12,20,2,-5,-14,25,22,17,19,23,23,34,-5,
3,9,24,24,25,26,32,4,4,-5,7,-5,62,62,62,62,55,54,68,-30,60,-38,-3,-20,9,11,31,
31,30,73,74,20,30,27,24,16,22,18,62,96,91,122,495,495,29989,29990,29991,1160,
1619,1060,1060,904,864,949,1077,1080,1125,866,29969,29970]} 1. d4 Nf6 2. Nf3 g6
3. c4 d6 4. Nc3 Bg7 5. Bg5 h6 6. Bh4 O-O 7. e3 Bf5 8. Bd3 Bxd3 9. Qxd3 Nbd7 10.
O-O c5 11. d5 Ng4 12. Bg3 Nge5 13. Nxe5 Nxe5 14. Bxe5 Bxe5 15. Rae1 a6 16. f4
Bf6 17. e4 e5 18. dxe6 Bd4+ 19. Kh1 fxe6 20. Qh3 Qf6 21. Rf3 Rae8 22. Ref1 Qg7
23. b3 Rf6 24. Ne2 e5 25. f5 g5 26. Qg4 Ref8 27. Rh3 b5 28. Ng3 Qd7 29. Nh5
R6f7 30. Qe2 bxc4 31. Qxc4 Qb5 32. Rb1 Qc6 33. Qe6 Rc8 34. Nf6+ Kg7 35. Nd5 Rh8
36. Qg6+ Kf8 37. Rxh6 Rxh6 38. Qxh6+ Ke8 39. Qh8+ Rf8 40. Qg7 Rf7 41. Qg8+ 1-0

[Event "Miedzywojewodzkie Mistrzostwa Juniorow O"]
[Site "Pokrzywna"]
[Date "2025.??.??"]
[Round "1.4"]
[White "Jagoda, Mikolaj"]
[Black "Sawinski, Franciszek"]
[Result "0-1"]
[WhiteElo "1552"]
[BlackElo "1690"]
[PlyCount "102"]
[EventDate "2025.??.??"]

1. d4 Nf6 2. c4 c5 3. d5 b5 4. cxb5 a6 5. bxa6 g6 6. Nc3 Bg7 7. e4 Qa5 8. f3
Bxa6 9. Bxa6 Nxa6 10. Nge2 d6 11. O-O O-O 12. a3 Nd7 13. Bd2 Ne5 14. b4 cxb4
15. Na2 Qb6+ 16. Kh1 Nd3 17. Rb1 Nf2+ 18. Rxf2 Qxf2 19. axb4 Rfc8 20. Rb3 Qb6
21. Be3 Qc7 22. Qd2 Qc2 23. Qxc2 Rxc2 24. Nac3 Nxb4 25. Rxb4 Bxc3 26. Rc4 Rxe2
27. Rxc3 Re1+ 28. Bg1 Raa1 29. h4 Rxg1+ 30. Kh2 Rgc1 31. Rb3 Ra2 32. Rb7 Rcc2
33. Rxe7 Rxg2+ 34. Kh3 h5 35. Rd7 Rgd2 36. Rxd6 Rd3 37. Kg3 Raa3 38. Rf6 Kg7
39. Rf4 f6 40. Kg2 Rd2+ 41. Kg3 Raa2 42. Rxf6 Kxf6 43. Kf4 Re2 44. d6 Rad2 45.
d7 Rxd7 46. e5+ Rxe5 47. Kg3 Kf5 48. Kf2 Kf4 49. Kg2 Rd2+ 50. Kh3 g5 51. hxg5
Rxg5 0-1

[Event "Miedzywojewodzkie Mistrzostwa Juniorow O"]
[Site "Pokrzywna"]
[Date "2025.??.??"]
[Round "1.5"]
[White "Lisek, Adam"]
[Black "Buczek, Igor"]
[Result "1-0"]
[WhiteElo "1673"]
[BlackElo "1535"]
[PlyCount "83"]
[EventDate "2025.??.??"]

1. e4 c5 2. Nf3 g6 3. c3 Bg7 4. d4 cxd4 5. cxd4 d5 6. e5 Bg4 7. Bb5+ Nc6 8.
Bxc6+ bxc6 9. Nbd2 e6 10. O-O Ne7 11. Nb3 Nf5 12. h3 Bxf3 13. Qxf3 O-O 14. Qc3
Qb6 15. Nc5 Rfd8 16. b3 Rab8 17. Ba3 Bf8 18. Rac1 Rbc8 19. Bb4 Bxc5 20. Bxc5
Qb7 21. Rc2 Rd7 22. Rfc1 Ne7 23. Qb2 Qa6 24. b4 Qb5 25. Rc3 a6 26. Ra3 Nf5 27.
Ra5 Qb7 28. Qa3 Ra8 29. Qa4 Rc7 30. Rc3 Ng7 31. Ra3 Ne8 32. Rxa6 Rxa6 33. Qxa6
Qxa6 34. Rxa6 Rc8 35. a4 Kg7 36. a5 Kg8 37. Rb6 Kg7 38. a6 Kh6 39. a7 Ra8 40.
Rxc6 Kg7 41. b5 f6 42. b6 1-0

[Event "Miedzywojewodzkie Mistrzostwa Juniorow O"]
[Site "Pokrzywna"]
[Date "2025.??.??"]
[Round "1.6"]
[White "Kieca, Szymon"]
[Black "Dudek, Bartlomiej"]
[Result "0-1"]
[WhiteElo "1516"]
[BlackElo "1663"]
[PlyCount "40"]
[EventDate "2025.??.??"]

1. e4 d5 2. exd5 Qxd5 3. Nc3 Qd6 4. d4 Nf6 5. Bd3 a6 6. Nge2 g6 7. O-O Bg7 8.
Bf4 Qb6 9. Rb1 Bd7 10. Re1 O-O 11. Qd2 Rd8 12. Qe3 e6 13. Qg3 Rc8 14. Be5 Bc6
15. f3 Nbd7 16. Qf2 Bh6 17. Ng3 Bf8 18. Kh1 Nxe5 19. dxe5 Qxf2 20. exf6 Qxf3
0-1

[Event "Miedzywojewodzkie Mistrzostwa Juniorow O"]
[Site "Pokrzywna"]
[Date "2025.??.??"]
[Round "1.7"]
[White "Klepacz, Jakub"]
[Black "Ekiert, Szymon"]
[Result "1-0"]
[WhiteElo "1657"]
[BlackElo "1478"]
[PlyCount "119"]
[EventDate "2025.??.??"]

{[%evp 0,119,16,28,39,24,10,8,8,-3,-3,-7,24,-6,-1,-6,12,10,12,-22,-3,-37,-24,
-13,-4,-2,39,57,29,35,35,30,111,37,66,59,72,55,44,23,26,-34,54,42,42,45,94,89,
102,86,91,87,82,82,108,102,117,82,115,91,98,58,91,91,74,67,151,151,151,151,218,
77,79,73,82,43,47,47,41,43,41,48,48,0,0,0,0,0,0,0,151,-24,369,496,850,1016,
1016,1016,1144,1427,1855,1924,1675,2118,29975,29976,29977,29982,29983,29984,
29989,29990,29991,29992,29993,29994,29995,29996,29997,29998,29999,-30000]} 1.
e4 e5 2. Nf3 Nc6 3. Bb5 a6 4. Ba4 Bc5 5. O-O d6 6. h3 Nf6 7. d3 O-O 8. Nc3 h6
9. Ne2 Bd7 10. Ng3 b5 11. Bb3 Qc8 12. c3 Ne7 13. d4 exd4 14. cxd4 Bb6 15. Be3
Be6 16. Rc1 Bxb3 17. Qxb3 c5 18. e5 dxe5 19. dxc5 Bc7 20. Nd2 Qe6 21. Qxe6 fxe6
22. Nde4 Nxe4 23. Nxe4 Rfd8 24. Rfd1 Rac8 25. Kf1 Kf7 26. Ke2 Nd5 27. a3 Ke7
28. b4 Ke8 29. g3 Ke7 30. Rc2 Ke8 31. Bc1 Ke7 32. Bb2 Nf6 33. Nd6 Bxd6 34.
cxd6+ Kd7 35. Rxc8 Rxc8 36. Bxe5 Rc2+ 37. Rd2 Rxd2+ 38. Kxd2 Ne4+ 39. Ke2 g6
40. Ke3 Nxd6 41. Bxd6 Kxd6 42. Ke4 e5 43. h4 Ke6 44. g4 h5 45. f3 Kf6 46. Kd5
g5 47. hxg5+ Kxg5 48. gxh5 Kxh5 49. Kxe5 Kg6 50. f4 Kf7 51. f5 Ke7 52. f6+ Kf7
53. Kf5 Kf8 54. Ke6 Ke8 55. f7+ Kf8 56. Kf6 a5 57. bxa5 b4 58. a6 bxa3 59. a7
a2 60. a8=Q# 1-0

[Event "Miedzywojewodzkie Mistrzostwa Juniorow O"]
[Site "Pokrzywna"]
[Date "2025.??.??"]
[Round "2.1"]
[White "Dudek, Bartlomiej"]
[Black "Czeremcha, Piotr"]
[Result "1/2-1/2"]
[WhiteElo "1663"]
[BlackElo "1972"]
[PlyCount "61"]
[EventDate "2025.??.??"]

{[%evp 0,61,19,31,40,31,72,68,48,58,75,75,61,6,49,-1,0,-9,52,36,84,84,98,98,98,
6,6,28,22,21,12,39,50,54,54,53,85,85,85,85,85,85,105,60,87,77,87,108,84,93,101,
76,76,76,84,46,47,9,1,1,1,1,1,1]} 1. e4 Nc6 2. Nf3 d5 3. exd5 Qxd5 4. Nc3 Qd6
5. d4 Nf6 6. Bd3 Bg4 7. Be3 e5 8. Nb5 Qd7 9. dxe5 Bxf3 10. Qxf3 Nxe5 11. Qxb7
Nxd3+ 12. cxd3 Bb4+ 13. Nc3 Bxc3+ 14. bxc3 O-O 15. O-O Qxd3 16. Bd4 Qc4 17.
Rad1 c6 18. Bxf6 gxf6 19. Rd6 Qxc3 20. Rxc6 Qd4 21. Rfc1 Rab8 22. Qc7 Rfd8 23.
Qg3+ Kh8 24. h3 Qe5 25. Qxe5 fxe5 26. Rc7 Kg7 27. Rxa7 Rb2 28. Rc5 Rdd2 29.
Rxe5 Rxf2 30. Rg5+ Kf6 31. Rg3 1/2-1/2

[Event "Miedzywojewodzkie Mistrzostwa Juniorow O"]
[Site "Pokrzywna"]
[Date "2025.??.??"]
[Round "2.2"]
[White "Plowy, Karol"]
[Black "Lisek, Adam"]
[Result "0-1"]
[WhiteElo "1865"]
[BlackElo "1673"]
[PlyCount "42"]
[EventDate "2025.??.??"]

{[%evp 0,42,16,28,25,18,9,28,28,21,-10,-14,14,51,51,51,51,51,51,42,42,3,56,-61,
-82,-48,2,-55,-91,-187,-301,-366,-562,-701,-480,-477,-625,-625,-676,-859,-884,
-884,-909,-909,-1001]} 1. e4 e5 2. Nf3 Nc6 3. Bc4 Nf6 4. Ng5 d5 5. exd5 Nd4 6.
c3 b5 7. Bf1 Nxd5 8. cxd4 Qxg5 9. Bxb5+ Kd8 10. Qf3 Bb7 11. Nc3 exd4 12. Ne2
Rb8 13. Qe4 Bc5 14. d3 Ne3 15. Bxe3 dxe3 16. Bc6 exf2+ 17. Kf1 Bxc6 18. Qxc6
Re8 19. h4 Qe5 20. Qf3 Rxb2 21. Qa8+ Kd7 0-1

[Event "Miedzywojewodzkie Mistrzostwa Juniorow O"]
[Site "Pokrzywna"]
[Date "2025.??.??"]
[Round "2.3"]
[White "Tendera, Jan"]
[Black "Reterski, Wiktor"]
[Result "1/2-1/2"]
[WhiteElo "1473"]
[BlackElo "1775"]
[PlyCount "66"]
[EventDate "2025.??.??"]

{[%evp 0,66,16,28,28,-1,-9,0,15,4,10,1,-7,19,22,43,43,51,56,17,59,59,59,32,59,
35,67,-1,70,-4,4,0,30,38,31,46,39,36,38,42,48,35,35,30,51,54,57,20,26,20,50,28,
28,27,23,16,15,-14,15,15,15,15,32,32,48,48,48,32,40]} 1. d4 d5 2. c4 e6 3. Nc3
Nf6 4. Bg5 a6 5. cxd5 exd5 6. Bxf6 gxf6 7. e3 Be6 8. Bd3 Bd6 9. Qc2 Qd7 10.
Nge2 Nc6 11. a3 Ne7 12. Ng3 h5 13. Qb3 b6 14. Qa4 Qxa4 15. Nxa4 b5 16. Nc5 Bxc5
17. dxc5 c6 18. b4 a5 19. Kd2 Kd7 20. Rhb1 a4 21. Ne2 Ng6 22. Nd4 Ne5 23. f4
Nxd3 24. Kxd3 f5 25. Rb2 Rag8 26. Rg1 h4 27. h3 Rg3 28. Nf3 f6 29. Ke2 Rg7 30.
Rd2 Bf7 31. Kf2 Rgh7 32. Nd4 Be6 33. Re1 Rg8 1/2-1/2

[Event "Miedzywojewodzkie Mistrzostwa Juniorow O"]
[Site "Pokrzywna"]
[Date "2025.??.??"]
[Round "2.4"]
[White "Sawinski, Franciszek"]
[Black "Klepacz, Jakub"]
[Result "1-0"]
[WhiteElo "1690"]
[BlackElo "1657"]
[PlyCount "109"]
[EventDate "2025.??.??"]

{[%evp 0,109,16,28,25,18,24,32,32,-36,41,-3,-3,8,-17,-16,4,4,7,-2,-2,-7,-12,
-19,-12,-57,51,6,25,62,46,41,41,41,73,52,59,30,48,98,94,58,86,84,84,67,80,43,
47,55,50,47,71,72,88,73,70,71,73,73,80,58,63,42,36,32,75,63,63,68,68,72,72,75,
75,75,75,82,96,83,111,111,111,114,119,144,213,214,245,245,223,198,222,237,237,
245,272,280,280,114,296,248,307,412,352,510,507,301,444,284,955,1118]} 1. e4 e5
2. Nf3 Nc6 3. d4 exd4 4. Bc4 Bc5 5. c3 Nf6 6. e5 d5 7. Bb5 Ne4 8. cxd4 Bb6 9.
O-O O-O 10. Nc3 Bg4 11. Bxc6 bxc6 12. Be3 f5 13. h3 Bh5 14. Ne2 Bxf3 15. gxf3
Ng5 16. Nf4 Qe8 17. Kh2 Ne6 18. Nxe6 Qxe6 19. f4 Rae8 20. Rg1 Qf7 21. Rc1 Re6
22. Qf3 Rb8 23. Rc2 Ba5 24. b3 Bb4 25. Bd2 Bxd2 26. Rxd2 Rg6 27. Rxg6 Qxg6 28.
Qg3 Kf7 29. Rc2 Rb6 30. Qxg6+ Kxg6 31. f3 Kf7 32. Kg3 g6 33. Kh4 h6 34. Kg3 Ke6
35. Kf2 Kd7 36. Ke3 Rb8 37. Rg2 Rg8 38. Kd3 Ke6 39. Kc3 Kd7 40. h4 h5 41. Kb4
Rb8+ 42. Ka5 Rb5+ 43. Ka4 a5 44. a3 Rb6 45. Rxg6 c5 46. Rg7+ Kc6 47. dxc5 Kxc5
48. Rxc7+ Kd4 49. b4 Ke3 50. bxa5 Rb8 51. a6 d4 52. a7 Ra8 53. Ka5 d3 54. Rd7
Kxf4 55. Kb6 1-0

[Event "Miedzywojewodzkie Mistrzostwa Juniorow O"]
[Site "Pokrzywna"]
[Date "2025.??.??"]
[Round "2.5"]
[White "Podolecki, Wojciech"]
[Black "Jagoda, Mikolaj"]
[Result "1-0"]
[WhiteElo "1603"]
[BlackElo "1552"]
[PlyCount "138"]
[EventDate "2025.??.??"]

{[%evp 0,97,16,-12,-20,-79,-51,-51,-39,-29,-30,-53,-17,21,30,25,268,270,310,
331,332,339,396,316,314,302,353,348,339,287,284,287,300,311,315,298,337,351,
366,351,351,340,378,389,385,383,491,426,530,507,531,556,556,551,552,430,553,
460,511,395,395,396,391,334,359,360,379,344,416,385,440,422,421,420,605,448,
521,450,583,525,488,540,546,576,578,521,625,625,620,656,663,688,703,680,718,
678,723,748,784,853]} 1. c4 e5 2. g3 Nf6 3. Bg2 Nc6 4. Nc3 Bb4 5. Nd5 Nxd5 6.
cxd5 Ne7 7. Nf3 d6 8. Qa4+ Bd7 9. Qxb4 Nxd5 10. Qxb7 Nb6 11. Qe4 f5 12. Qh4
Qxh4 13. Nxh4 Rb8 14. Nf3 e4 15. Nd4 c5 16. Nc2 O-O 17. O-O Rf6 18. b3 d5 19.
Bb2 Rh6 20. f3 Re8 21. fxe4 dxe4 22. Ne3 Rf8 23. Rac1 Rc6 24. d3 g6 25. dxe4
fxe4 26. Rxf8+ Kxf8 27. Nc4 Re6 28. Bh3 Re7 29. Rf1+ Kg8 30. Bxd7 Rxd7 31. Nxb6
axb6 32. Bc3 b5 33. Rc1 b4 34. Be1 e3 35. Kg2 Rd5 36. Kf3 g5 37. Kxe3 Re5+ 38.
Kf3 Rf5+ 39. Kg4 Re5 40. Rc2 Kg7 41. Bf2 Kg6 42. Bxc5 Re4+ 43. Kf3 Kf5 44. Rc4
g4+ 45. Kf2 Re8 46. Bxb4 Ra8 47. Rf4+ Kg5 48. a4 h5 49. a5 h4 50. Be7+ Kh5 51.
Rf5+ Kg6 52. Rf6+ Kg7 53. a6 Re8 54. Bc5 Ra8 55. Rf8 Rxa6 56. Rb8 Rf6+ 57. Kg2
h3+ 58. Kg1 Ra6 59. Bd4+ Kf7 60. b4 Rd6 61. e3 Rc6 62. Bc5 Ra6 63. Rb7+ Kg8 64.
Ra7 Re6 65. b5 Re5 66. Rg7+ Kxg7 67. Bd4 Kf7 68. Bxe5 Ke7 69. b6 Kd7 1-0

[Event "Miedzywojewodzkie Mistrzostwa Juniorow O"]
[Site "Pokrzywna"]
[Date "2025.??.??"]
[Round "2.6"]
[White "Buczek, Igor"]
[Black "Swiderski, Lukasz"]
[Result "0-1"]
[WhiteElo "1535"]
[BlackElo "1578"]
[PlyCount "60"]
[EventDate "2025.??.??"]

{[%evp 0,60,16,28,46,-5,20,-48,39,-26,14,14,19,-22,-24,-32,-33,-32,2,-29,46,46,
40,38,38,7,15,-2,38,41,97,90,90,90,90,47,135,107,125,125,125,41,42,-74,-98,
-135,-129,-129,-205,-207,-294,-435,-270,-551,-768,-862,-565,-29983,-29984,
-29995,-29992,-29995,-29992]} 1. e4 c5 2. c3 d5 3. exd5 Nf6 4. Nf3 Nxd5 5. d4
e6 6. Bd3 Nc6 7. dxc5 Bxc5 8. O-O O-O 9. h3 g6 10. Bh6 Re8 11. Qc2 e5 12. Rd1
Be6 13. a3 a5 14. c4 Nf4 15. Bxg6 Qf6 16. Bxh7+ Kh8 17. Bxf4 exf4 18. Be4 Rg8
19. Kh1 Qh6 20. Qc3+ f6 21. Rf1 Rxg2 22. Nh2 Rxf2 23. Rxf2 Bxf2 24. Qf3 Be3 25.
Nc3 Nd4 26. Qf1 Bxh3 27. Qd3 Rg8 28. Ne2 f3 29. Nf4 Qxf4 30. Bxf3 Nxf3 0-1

[Event "Miedzywojewodzkie Mistrzostwa Juniorow O"]
[Site "Pokrzywna"]
[Date "2025.??.??"]
[Round "2.7"]
[White "Wilman, Maciej"]
[Black "Kieca, Szymon"]
[Result "0-1"]
[WhiteElo "1560"]
[BlackElo "1516"]
[PlyCount "64"]
[EventDate "2025.??.??"]

{[%evp 0,64,19,21,34,38,24,27,-14,24,51,30,50,18,18,1,36,33,88,68,103,16,12,7,
3,5,45,33,20,20,9,9,11,-24,5,-10,-10,-26,-10,29,-8,-8,50,50,50,32,40,52,51,41,
41,42,94,80,29,42,631,-341,-271,-341,-347,-359,-359,-416,-369,-593,-593]} 1. e4
e5 2. Nf3 Nc6 3. Bb5 Nf6 4. d3 Bb4+ 5. c3 Bd6 6. Bg5 O-O 7. O-O Re8 8. Nbd2 Bc5
9. h3 d6 10. Re1 Bd7 11. Nf1 a6 12. Ba4 Ne7 13. Bb3 Ng6 14. d4 Bb6 15. Ng3 h6
16. Bc1 Nf4 17. dxe5 dxe5 18. Nxe5 Nxh3+ 19. gxh3 Rxe5 20. Bf4 Re8 21. e5 Nh7
22. Qh5 Be6 23. Rad1 Qe7 24. Nf5 Bxf5 25. Qxf5 Rad8 26. Kh2 Bxf2 27. Rxd8 Bxe1
28. Bxf7+ Qxf7 29. Qxf7+ Kxf7 30. Rd7+ Re7 31. Rd8 Ng5 32. Kg2 Ne6 0-1

[Event "Miedzywojewodzkie Mistrzostwa Juniorow O"]
[Site "Pokrzywna"]
[Date "2025.??.??"]
[Round "3.1"]
[White "Lisek, Adam"]
[Black "Sawinski, Franciszek"]
[Result "1/2-1/2"]
[WhiteElo "1673"]
[BlackElo "1690"]
[PlyCount "103"]
[EventDate "2025.??.??"]

{[%evp 0,103,16,28,21,48,64,49,97,65,65,49,70,10,51,51,51,56,56,53,53,53,53,70,
97,101,117,117,93,100,101,33,52,20,23,17,27,-20,-13,-48,-48,-32,-34,-52,-56,
-61,-61,-91,-84,-91,-91,-91,-91,-96,-96,-96,-84,-84,-70,-70,-34,-44,13,-19,0,
-77,-53,-58,-58,-58,-46,-53,-46,-62,-62,-62,-62,-62,-62,-62,13,10,13,13,13,20,
15,15,9,7,23,23,29,14,20,14,31,4,6,0,32,4,29,29,29,30]} 1. e4 d5 2. exd5 Qxd5
3. Nc3 Qd6 4. d4 Nf6 5. Nf3 a6 6. g3 Bg4 7. h3 Bxf3 8. Qxf3 Nc6 9. Be3 e6 10.
O-O-O Rd8 11. Bg2 Nd5 12. Nxd5 exd5 13. Rhe1 Be7 14. Bf4 Qd7 15. Be5 O-O 16. h4
Nxe5 17. Rxe5 c6 18. h5 h6 19. g4 Bg5+ 20. Kb1 Bf6 21. Rf5 Rfe8 22. Qd3 Re6 23.
Bh3 Qe7 24. a3 Re4 25. c3 Re8 26. Rf3 Bg5 27. Rf5 b5 28. Rf1 Re1+ 29. Ka2 Rxf1
30. Bxf1 Qe4 31. Qxe4 Rxe4 32. f4 Rxf4 33. Rxf4 Bxf4 34. Kb3 Bd6 35. a4 Kf8 36.
axb5 axb5 37. Bd3 Ke7 38. Bf5 Kd8 39. Kc2 c5 40. dxc5 Bxc5 41. b4 Bf2 42. Bd3
d4 43. cxd4 Bxd4 44. Bxb5 Ke7 45. Kd3 Bg1 46. Ke4 Bh2 47. Bd3 Kf6 48. Kf3 Kg5
49. Bc2 Kf6 50. Bd3 Ke7 51. Bc4 Bd6 52. b5 1/2-1/2

[Event "Miedzywojewodzkie Mistrzostwa Juniorow O"]
[Site "Pokrzywna"]
[Date "2025.??.??"]
[Round "3.2"]
[White "Czeremcha, Piotr"]
[Black "Tendera, Jan"]
[Result "1-0"]
[WhiteElo "1972"]
[BlackElo "1473"]
[PlyCount "95"]
[EventDate "2025.??.??"]

{[%evp 0,95,19,9,25,-19,-14,-16,0,-23,-16,-8,0,-35,-12,5,23,11,24,24,24,25,47,
28,40,34,44,14,40,17,40,23,38,29,38,6,7,6,1,-25,31,48,48,47,44,12,12,-25,52,52,
61,50,85,76,66,51,40,36,54,54,56,42,68,23,31,25,9,13,13,13,86,85,85,85,88,82,
102,76,100,70,104,104,110,110,133,118,133,206,286,266,286,266,266,329,329,329,
1889,1889]} 1. d4 d5 2. c4 e6 3. Nc3 Nf6 4. cxd5 exd5 5. Bg5 c6 6. Qc2 Be7 7.
e3 O-O 8. Bd3 Nbd7 9. Nge2 Re8 10. O-O Nf8 11. Rae1 Ng6 12. Ng3 Be6 13. Nf5
Bxf5 14. Bxf5 Qd6 15. Qb3 Nh5 16. Bxe7 Rxe7 17. a3 Rae8 18. Qc2 Nf6 19. b4 Ne4
20. Nxe4 dxe4 21. Qc5 Qxc5 22. dxc5 Nh4 23. Bh3 Ng6 24. Rd1 Ne5 25. Rd4 Ng6 26.
Rfd1 Nf8 27. Rd8 g6 28. g4 Rxd8 29. Rxd8 Kg7 30. g5 b6 31. Rd6 bxc5 32. bxc5
Re5 33. Rxc6 Rxg5+ 34. Kf1 Ne6 35. Bxe6 fxe6 36. Rxe6 Rxc5 37. Re7+ Kf6 38.
Rxa7 h5 39. a4 Rc1+ 40. Kg2 Ra1 41. a5 Ra2 42. a6 Kg5 43. Kg3 Ra1 44. Ra8 Rg1+
45. Kh3 Ra1 46. a7 Ra2 47. Kg3 Ra1 48. h4+ 1-0

[Event "Miedzywojewodzkie Mistrzostwa Juniorow O"]
[Site "Pokrzywna"]
[Date "2025.??.??"]
[Round "3.3"]
[White "Reterski, Wiktor"]
[Black "Dudek, Bartlomiej"]
[Result "1-0"]
[WhiteElo "1775"]
[BlackElo "1663"]
[Annotator "Kocela,J"]
[PlyCount "121"]
[EventDate "2025.??.??"]

{[%evp 0,121,23,47,25,31,18,13,28,-27,-5,-25,-32,-82,-72,-72,-17,-17,-18,-25,
-28,-19,-16,-112,-35,-48,-48,-77,-50,-29,-16,-49,-29,-16,2,-51,-51,-55,-22,-9,
-8,-19,25,-33,-24,-58,36,42,36,66,80,47,47,47,52,11,31,25,34,25,48,47,30,-15,3,
8,-28,-28,-28,-28,302,302,294,225,270,264,264,264,328,338,388,323,345,326,368,
360,427,360,441,377,391,392,417,409,591,412,494,496,480,500,593,365,506,489,
516,530,569,569,722,643,740,740,688,779,802,803,982,990,1160,904,29981,1864,
29987,29988]} 1. e4 e5 2. Nf3 Nc6 3. d4 exd4 4. Bc4 Nf6 5. e5 d5 6. Bb5 Ne4 7.
Nxd4 Bd7 8. Bxc6 bxc6 9. O-O Bc5 10. Be3 O-O 11. Qe2 Bb6 12. f3 Ng5 13. Nb3 Re8
14. f4 Ne4 15. N1d2 Bg4 16. Qd3 c5 17. c4 Nxd2 18. Nxd2 c6 19. h3 Bc8 20. Rac1
Ba6 21. Qf5 Ba5 22. Rfd1 d4 23. Ne4 Qe7 24. Bf2 Bb6 25. Rd3 Qe6 26. Qxe6 Rxe6
27. g4 f6 28. Bg3 fxe5 29. fxe5 Rae8 30. b3 h5 31. g5 h4 32. Bh2 Bc8 33. Nd6
Rf8 34. Rf1 Bc7 35. Rxf8+ Kxf8 36. Nxc8 Bxe5 37. Bxe5 Rxe5 38. Rf3+ Kg8 39.
Nxa7 Re1+ 40. Kg2 Re2+ 41. Rf2 Re3 42. Nxc6 Rg3+ 43. Kf1 Rxg5 44. Ne7+ Kh8 45.
Nf5 g6 46. Nxh4 Rh5 47. Nf3 Kg7 48. h4 Rh8 49. Ke2 Ra8 50. Kd2 Rf8 51. a4 Rb8
52. Kc2 Re8 53. Nd2 Rh8 54. Rf4 Re8 55. Ne4 Re5 56. Kd3 Rh5 57. a5 Re5 58. a6
Kh6 59. Rf3 Kh5 60. a7 Re8 61. Nf6+ 1-0

[Event "Miedzywojewodzkie Mistrzostwa Juniorow O"]
[Site "Pokrzywna"]
[Date "2025.??.??"]
[Round "3.4"]
[White "Kieca, Szymon"]
[Black "Plowy, Karol"]
[Result "0-1"]
[WhiteElo "1516"]
[BlackElo "1865"]
[PlyCount "124"]
[EventDate "2025.??.??"]

{[%evp 0,124,26,22,69,48,95,86,88,55,37,31,82,27,29,37,27,-19,-5,-16,-24,-5,-9,
-21,30,-29,-20,-40,-14,-26,0,30,30,30,28,-31,45,-16,-21,-47,-52,-97,-53,-53,
-76,-77,-54,-50,-47,-160,-141,-140,-117,-128,-130,-127,-133,-130,-103,-113,
-111,-138,-128,-128,-121,-136,-145,-145,-145,-145,-148,-148,-146,-148,-148,
-165,-165,-175,-179,-179,-177,-193,-198,-203,-203,-203,-203,-203,-203,-203,
-203,-243,-203,-203,-211,-243,-206,-211,-211,-215,-211,-211,-219,-228,-228,
-303,-228,-228,-228,-303,-235,-1323,-48,-1011,-879,-895,-924,-1440,-1322,
-29949,-29950,-29951,-29954,-29961,-29962,-29967,-29970]} 1. e4 c5 2. Nf3 d6 3.
d4 cxd4 4. Nxd4 Nf6 5. Nc3 a6 6. f4 e5 7. Nf3 Nbd7 8. a4 Be7 9. Bd3 O-O 10. O-O
Qc7 11. Kh1 b6 12. Qe1 Bb7 13. fxe5 Nxe5 14. Nxe5 dxe5 15. Qg3 Qd6 16. Be3 Rac8
17. Rab1 Qe6 18. h3 Bb4 19. Bd2 Bxc3 20. Bxc3 Nxe4 21. Bxe4 Bxe4 22. Bxe5 f6
23. Bc3 Rc5 24. Qg4 Qxg4 25. hxg4 Rd8 26. Rf2 Rg5 27. Rf4 Bxc2 28. Re1 Rd1 29.
Rxd1 Bxd1 30. Rb4 Rxg4 31. Rxg4 Bxg4 32. Kg1 Bd1 33. a5 bxa5 34. Bxa5 Kf7 35.
Kf2 Ke6 36. Ke3 Kf5 37. Bb4 h5 38. Bf8 g5 39. Be7 h4 40. Bd8 Ba4 41. Kf3 Bc6+
42. Kf2 Kg6 43. Be7 f5 44. Bd8 f4 45. Be7 Kf5 46. Bd8 Kg4 47. Be7 f3 48. gxf3+
Bxf3 49. b4 Bc6 50. Bd8 Kh5 51. Be7 g4 52. Bd6 Kg5 53. Be7+ Kh5 54. Bd6 Kg6 55.
Be7 Kf5 56. Bd6 Ke6 57. Bc7 g3+ 58. Bxg3 hxg3+ 59. Kxg3 Kd5 60. Kf2 Kc4 61. Ke2
Kxb4 62. Kd2 Kb3 0-1

[Event "Miedzywojewodzkie Mistrzostwa Juniorow O"]
[Site "Pokrzywna"]
[Date "2025.??.??"]
[Round "3.5"]
[White "Klepacz, Jakub"]
[Black "Swiderski, Lukasz"]
[Result "1-0"]
[WhiteElo "1657"]
[BlackElo "1578"]
[PlyCount "58"]
[EventDate "2025.??.??"]

{[%evp 0,58,16,28,46,51,67,52,34,40,102,64,90,76,103,71,197,125,173,158,222,
150,154,117,117,73,199,142,131,67,120,127,127,51,41,-7,36,32,45,0,0,0,0,-82,
-57,-119,-96,-169,277,298,457,765,822,874,890,500,695,369,29997,29998,29999]} 
1. e4 c5 2. Nf3 e6 3. d4 cxd4 4. Nxd4 a6 5. Nc3 b5 6. Bd3 Bc5 7. Nb3 Qb6 8.
Nxc5 Qxc5 9. Be3 Qc7 10. Qg4 g6 11. Bd4 f6 12. Qf3 Ke7 13. e5 fxe5 14. Be3 Bb7
15. Bg5+ Ke8 16. Qg3 Nc6 17. h4 b4 18. Ne4 Nd4 19. Nf6+ Nxf6 20. Bxf6 Rf8 21.
Bxe5 Nxc2+ 22. Kf1 Qc6 23. Rc1 Qa4 24. Bxc2 Rc8 25. Bxa4 Rxc1+ 26. Ke2 Rxh1 27.
Bd6 Rf5 28. Qe3 Bxg2 29. Qxe6+ Kd8 1-0